00561nam a2200181 a 450000500170000000800410001702000180005805000250007610000240010124500540012525000120017926000340019130000210022550000800024652100070032665000270033365000190036020140310183401.0121115s19uu xx 00 eng d a9780205235216 aP 96.A86b.St76 2012 aStovall, James Glen aWriting for the mass media /cJames Glen Stovall. a8th ed. aBoston, MA :bPearson,c2012. a341 p. :c28 cm. a'Pearson International edition' - cover. Includes bibliographies and index. aMC aMass mediaxAuthorship aReport writing